Welcome to CU Library Online Public Access Catalogue (OPAC)

Last's Anatomy/ (Record no. 2245)

MARC details
000 -LEADER
fixed length control field 00534nam a22001577a 4500
005 - DATE AND TIME OF LATEST TRANSACTION
control field 20241215105638.0
008 - FIXED-LENGTH DATA ELEMENTS--GENERAL INFORMATION
fixed length control field 241215b |||||||| |||| 00| 0 eng d
020 ## - INTERNATIONAL STANDARD BOOK NUMBER
International Standard Book Number 9780443100321
050 ## - LIBRARY OF CONGRESS CALL NUMBER
Classification number QM531
Item number .L34
100 ## - MAIN ENTRY--PERSONAL NAME
Personal name Sinnatamby, Chummy S.
245 ## - TITLE STATEMENT
Title Last's Anatomy/
Remainder of title regional and applied; updated and in full color
Statement of responsibility, etc. Chummy S. Sinnatamby
250 ## - EDITION STATEMENT
Edition statement 11th ed.
Remainder of edition statement international edition
260 ## - PUBLICATION, DISTRIBUTION, ETC.
Place of publication, distribution, etc. Edinburgh
Name of publisher, distributor, etc. Churchill Livingstone Elsevier
Date of publication, distribution, etc. 2006
300 ## - PHYSICAL DESCRIPTION
Extent xii.568p.
Other physical details ill. some color
Dimensions 24.5cm
942 ## - ADDED ENTRY ELEMENTS (KOHA)
Source of classification or shelving scheme Library of Congress Classification
Koha item type Books
Edition 11th ed.
Suppress in OPAC No
999 ## -
-- 2245
-- 2245
Holdings
Withdrawn status Lost status Source of classification or shelving scheme Damaged status Not for loan Collection Home library Current library Shelving location Date acquired Total checkouts Full call number Barcode Date last seen Copy number Price effective from Koha item type
    Library of Congress Classification     Non-fiction Science Library (Miotso) Science Library (Miotso) General stacks 12/15/2024   QM531 .L34 SIN SLM00001487 12/15/2024 1 12/15/2024 Books
    Library of Congress Classification     Non-fiction Science Library (Miotso) Science Library (Miotso) General stacks 12/15/2024   QM531 .L34 SIN SLM00001488 12/15/2024 2 12/15/2024 Books
    Library of Congress Classification     Non-fiction Science Library (Miotso) Science Library (Miotso) General stacks 12/15/2024   QM531 .L34 SIN SLM00001489 12/15/2024 3 12/15/2024 Books
    Library of Congress Classification     Non-fiction Science Library (Miotso) Science Library (Miotso) General stacks 12/15/2024   QM531 .L34 SIN SLM00001490 12/15/2024 4 12/15/2024 Books
    Library of Congress Classification     Non-fiction Science Library (Miotso) Science Library (Miotso) General stacks 12/15/2024   QM531 .L34 SIN SLM00001491 12/15/2024 5 12/15/2024 Books
    Library of Congress Classification     Non-fiction Science Library (Miotso) Science Library (Miotso) General stacks 12/15/2024   QM531 .L34 SIN SLM00001492 12/15/2024 6 12/15/2024 Books
    Library of Congress Classification     Non-fiction Science Library (Miotso) Science Library (Miotso) General stacks 12/15/2024   QM531 .L34 SIN SLM00001493 12/15/2024 7 12/15/2024 Books
© 2023-2024 Copyright: Central University Libraries. All Rights Reserved | Created by: Mahone Tech Office